• 首页
  • 本馆介绍
  • 公告通知
  • 最新文献
  • 馆藏检索
  • 电子资源
  • 读者导购
  • 参考咨询
  • 我的图书馆
  • 登录
  • 详细信息显示
  • 放入我的书架
  • 预约/预借图书
  • 作者相关作品
  • 分类相关作品
  • 丛书相关作品
  • 出版社相关作品

书目信息

  • 表格格式
  • 工作单格式
  • 卡片格式
题名:
武松演义
    
 
作者: 刘操南 , 茅赛云 编著
分册:  
出版信息: 杭州   浙江人民出版社  1980
页数: 389页
开本: 19cm
丛书名:
单 册:
中图分类: I247.43 , I242.4
科图分类:
主题词: 历史小说--中国--现代 , 章回小说--中国--现代 , 长篇小说--中国--现代
电子资源:
ISBN:
000 00755nam0 2200277 450
001 1531050773
005 20150120083752.00
010    @dCNY1.00
091    @a10103.138
100    @a19950323d1980 em y0chiy0110 ea
101 0  @achi
102    @aCN@b330000
105    @ay z 000ay
200 1  @a武松演义@9wu song yan yi@f刘操南, 茅赛云编著
205    @a新1版(增订本)
210    @a杭州@c浙江人民出版社@d1980
215    @a389页@d19cm
606 0  @a历史小说@y中国@z现代
606 0  @a章回小说@y中国@z现代
606 0  @a长篇小说@y中国@z现代
690    @aI247.43@v5
690    @aI242.4@v4
701  0 @a刘操南@9liu cao nan@f(1917.11~1998)@4编著
701  0 @a茅赛云@9mao sai yun@4编著
801  0 @aCN@bTSSF@c20150120
905    @aZUCC@dI242.4@eJY64
    
    武松演义/刘操南, 茅赛云编著.-新1版(增订本).-杭州:浙江人民出版社,1980
    389页;19cm
    
    
    ISBN :CNY1.00
    
●
相关链接 在E读中查询图书 在五车中查询图书 在当当中查询图书 在豆瓣中查询图书


正题名:武松演义     索取号:I242.4/JY64         预约/预借

序号 登录号 条形码 馆藏地/架位号 状态 备注
1 7836291   278362914   学院路分馆/ [索取号:I242.4/JY64] 在馆    
2 7836292   278362923   学院路分馆/ [索取号:I242.4/JY64] 在馆    
3 7836293   278362932   学院路分馆/ [索取号:I242.4/JY64] 在馆    
唐山师范学院图书馆 欢迎您!
大连网信软件有限公司© 版权所有